000 00826cam a2200265 4500
001 M88992
008 090401t1997 xxu||||| |||| 00| 0 eng d
035 _a(Sirsi) u83392
041 _aeng
050 _a692.9
100 _aFranks, J.
245 _aSub-contract conditions associated with the JCT Intermediate Form of Building contract : a view from the sub-contractor : 1.
260 _aAscot, Berks.
_bCIOB
_c1997
300 _a8p. ; 30cm.
350 _a0
490 _aConstruction Papers
_v84
650 _aBUILT ENVIRONMENT-BUILDING CONTRACT FORMS
650 _aIFC84
650 _aINTERMEDIATE FORM OF BUILDING CONTRACT 1984
650 _aSUBCONTRACTS
690 _aBUILT ENVIRONMENT-BUILDING CONTRACT FORMS
710 _aThe Chartered Institute of Building
_92131
942 _n0
948 _c29/01/1998
999 _c96892
_d96892